| 000 | 00724nam a2200205 a 4500 | ||
|---|---|---|---|
| 003 | 0 | ||
| 005 | 20250421084149.0 | ||
| 008 | 970101s19uu xx 00 eng d | ||
| 050 |
_aPGS PN 1992.3.C5 _b.Ah286 2004 |
||
| 100 | _aAhn, Soo Min. | ||
| 245 |
_aThe TV viewing habits of grade 7 students of SISC / _cSoo Min Ahn. |
||
| 260 |
_aLas PiƱas City, Philippines : _bSouthville International School and Colleges, _c2004. |
||
| 300 |
_aUnpaged : _billustrations ; _c28 cm. |
||
| 504 | _aIncludes bibliographic references. | ||
| 650 | _aTelevision and children. | ||
| 650 |
_aTelevision _vSocial aspects. |
||
| 650 |
_aTelevision programs _vPsychological aspects. |
||
| 650 |
_aStudents _vAttitudes. |
||
| 942 |
_2lcc _cPASS |
||
| 999 |
_c96947 _d96947 |
||